| Tag |
First Indicator |
Second Indicator |
Subfields |
| LEADER |
00000cam a2200000 4500 |
| 001 |
in00000034934 |
| 005 |
20151007063445.0 |
| 008 |
770311s1913 cau b 00000 engmc |
| 010 |
|
|
|a a 13000698
|
| 035 |
|
|
|a (OCoLC)02792610
|
| 035 |
|
|
|9 AAD7451AM
|
| 040 |
|
|
|a Calif. U. Lib.
|c VTU
|d VTU
|d TXA
|d UtOrBLW
|
| 049 |
|
|
|a TXAM
|c [176016]
|
| 090 |
|
|
|a QL1
|b .C15 v. 11, no. 3
|
| 100 |
1 |
|
|a Sweet, Clifford Daniel,
|d 1885-
|
| 245 |
1 |
2 |
|a A study of Epithelioma contagiosum of the common fowl.
|
| 264 |
|
1 |
|a Berkeley :
|b University of California press,
|c 1913.
|
| 300 |
|
|
|a [29]-51 pages ;
|c 27 cm.
|
| 336 |
|
|
|a text
|b txt
|2 rdacontent
|
| 337 |
|
|
|a unmediated
|b n
|2 rdamedia
|
| 338 |
|
|
|a volume
|b nc
|2 rdacarrier
|
| 490 |
1 |
|
|a University of California publications in zoology, vol.11, no.3
|
| 504 |
|
|
|a "Literature cited": pages 49-51.
|
| 650 |
|
0 |
|a Poultry
|x Diseases.
|
| 830 |
|
0 |
|a University of California publications in zoology ;
|v v. 11, no. 3.
|
| 999 |
|
|
|a MARS
|
| 999 |
f |
f |
|s 98862aa6-0e64-3a50-b521-c3d2b3c086fa
|i 865a454f-35d5-3c30-9417-9940fb6dbafd
|t 0
|
| 952 |
f |
f |
|p normal
|a Texas A&M University
|b College Station
|c Sterling C. Evans Library
|d Evans: Library Stacks
|t 0
|e QL1 .C15 v.11, no.1-15
|h Library of Congress classification
|i unmediated -- volume
|m A14804910521
|
| 952 |
f |
f |
|a Texas A&M University
|b College Station
|c Sterling C. Evans Library
|d Evans: Library Stacks
|t 0
|e QL1 .C15 v.11, no.1-15
|h Library of Congress classification
|
| 998 |
f |
f |
|a QL1 .C15 v.11, no.1-15
|t 0
|l Evans: Library Stacks
|